Advances in botanical research. V 03. (Record no. 36767)

MARC details
000 -LEADER
fixed length control field 00317nam a2200121Ia 4500
082 ## - DEWEY DECIMAL CLASSIFICATION NUMBER
Classification number 581:001.814
Item number ADV.3
245 #0 - TITLE STATEMENT
Title Advances in botanical research. V 03.
260 ## - PUBLICATION, DISTRIBUTION, ETC. (IMPRINT)
Place of publication London
Name of publisher Academic
Year of publication 1970
650 ## - SUBJECT ADDED ENTRY--TOPICAL TERM
Topical Term Cell membrane
650 ## - SUBJECT ADDED ENTRY--TOPICAL TERM
Topical Term Water relations
942 ## - ADDED ENTRY ELEMENTS (KOHA)
Koha item type Books
Holdings
Withdrawn status Lost status Damaged status Not for loan Home library Current library Date acquired Full call number Accession Number Koha item type
        RRII Library RRII Library 16/12/2021 581:001.814 ADV.3 17168 Books